Darwin and Modern Science (Record no. 231252)
[ view plain ]
| 000 -LEADER | |
|---|---|
| fixed length control field | 00721cam a22002533a 4500 |
| 001 - CONTROL NUMBER | |
| control field | 1909 |
| 003 - CONTROL NUMBER IDENTIFIER | |
| control field | PGUSA |
| 005 - DATE AND TIME OF LATEST TRANSACTION | |
| control field | 20140828083008.0 |
| 008 - FIXED-LENGTH DATA ELEMENTS--GENERAL INFORMATION | |
| fixed length control field | 990901s1999||||xxu|||||s|||||000 | eng d |
| 040 ## - CATALOGING SOURCE | |
| Original cataloging agency | PGUSA |
| Language of cataloging | eng |
| 042 ## - AUTHENTICATION CODE | |
| Authentication code | dc |
| 050 #4 - LIBRARY OF CONGRESS CALL NUMBER | |
| Classification number | QH |
| 100 1# - MAIN ENTRY--PERSONAL NAME | |
| Personal name | Seward, A. C. |
| Fuller form of name | (Albert Charles), |
| Dates associated with a name | 1863-1941 |
| 245 10 - TITLE STATEMENT | |
| Title | Darwin and Modern Science |
| Medium | [electronic resource] / |
| Statement of responsibility, etc | A. C. Seward |
| 260 ## - PUBLICATION, DISTRIBUTION, ETC. (IMPRINT) | |
| Name of publisher, distributor, etc | Project Gutenberg, |
| Date of publication, distribution, etc | 1999 |
| 506 ## - RESTRICTIONS ON ACCESS NOTE | |
| Terms governing access | Public domain in the USA. |
| 516 ## - TYPE OF COMPUTER FILE OR DATA NOTE | |
| Type of computer file or data note | Electronic text |
| 653 ## - INDEX TERM--UNCONTROLLED | |
| Uncontrolled term | Evolution (Biology) |
| 653 ## - INDEX TERM--UNCONTROLLED | |
| Uncontrolled term | Science -- History |
| 653 ## - INDEX TERM--UNCONTROLLED | |
| Uncontrolled term | Darwin, Charles, 1809-1882 |
| 830 #0 - SERIES ADDED ENTRY--UNIFORM TITLE | |
| Uniform title | Project Gutenberg |
| Volume number/sequential designation | 1909 |
| 856 40 - ELECTRONIC LOCATION AND ACCESS | |
| Uniform Resource Identifier | <a href="http://www.gutenberg.org/ebooks/1909">http://www.gutenberg.org/ebooks/1909</a> |
| 942 ## - ADDED ENTRY ELEMENTS (KOHA) | |
| Koha item type | eBooks |
| Withdrawn status | Lost status | Damaged status | Home library | Current library | Date acquired | Total Checkouts | Date last seen | Price effective from | Koha item type |
|---|---|---|---|---|---|---|---|---|---|
| Project Gutenberg | Project Gutenberg | 08/28/2014 | 08/28/2014 | 08/28/2014 | eBooks |